00744nam a22001937a 4500001000500000005001700005020001800022040001500040082001100055100002000066245004400086260002900130300002300159490003000182505000600212520029600218521001800514521001800532146320240306161954.0 a9781408326145 aFISKHbeng a823.92 aMeres, Jonathan aMay require batteries /cJonathan Meres aSydney :bOrchard,c2013 a285 pages :c20 cm aThe World of NormvBook 4 aH aSummary: What with overdue homework, overdue pocket money and a bag full of overdue newspapers, one thing's for sure: life for Norm isn't getting any less unfair. And did he mention the fact that he's the only kid on the planet without an iPad? ABSO-FLIPPING-LUTELY RIGHT HE DID! (Publisher) a480 bLexile aH bRaz-Plus